[Event "TUR-chT"]
[Site "Kocaeli"]
[Date "2014.08.28"]
[Round "12.1"]
[White "Bulmaga, Irina"]
[Black "Cemhan, Kardelen"]
[Result "1-0"]
[WhiteElo "2354"]
[BlackElo "2019"]
[PlyCount "51"]
[EventDate "2014.08.18"]
[EventType "team-tourn"]
[EventRounds "13"]
[EventCountry "TUR"]
[SourceTitle "CBM 162 Extra"]
[Source "ChessBase"]
[SourceDate "2014.10.17"]
[SourceVersion "1"]
[SourceVersionDate "2014.10.17"]
[SourceQuality "1"]
[WhiteTeam "Denizsu Aquamatch"]
[BlackTeam "Kahramanmaras Buyuksehir"]
[WhiteTeamCountry "TUR"]
[BlackTeamCountry "TUR"]

1. e4 e5 2. Nf3 Nc6 3. Bb5 a6 4. Ba4 Nge7 5. 0-0 g6 6. c3 Bg7 7. d4 exd4 8. cxd4 b5 9. Bc2 0-0 10. d5 Na5 11. Bd2 Bxb2 12. Bxa5 Bxa1 13. Nc3 Bxc3 14. Bxc3 d6 15. Bf6 h5 16. Qd2 Kh7 17. Qg5 Qd7 18. Bxe7 f6 19. Bxf6 Qg4 20. Be7 Rf7 21. Qxg4 Bxg4 22. Ng5+ Kg7 23. Nxf7 Kxf7 24. f3 Kxe7 25. fxg4 hxg4 26. Rf4 1-0

[Event "TUR-chT"]
[Site "Kocaeli"]
[Date "2014.08.22"]
[Round "5.2"]
[White "Cemhan, Kardelen"]
[Black "Ibrahimova, Sabina Oqtay"]
[Result "0-1"]
[WhiteElo "2019"]
[BlackElo "2263"]
[PlyCount "108"]
[EventDate "2014.08.18"]
[EventType "team-tourn"]
[EventRounds "13"]
[EventCountry "TUR"]
[SourceTitle "CBM 162 Extra"]
[Source "ChessBase"]
[SourceDate "2014.10.17"]
[SourceVersion "1"]
[SourceVersionDate "2014.10.17"]
[SourceQuality "1"]
[WhiteTeam "Kahramanmaras Buyuksehir"]
[BlackTeam "Mersin Ezgi"]
[WhiteTeamCountry "TUR"]
[BlackTeamCountry "TUR"]

1. e4 c5 2. Nf3 Nc6 3. d4 cxd4 4. Nxd4 g6 5. c4 Bg7 6. Be3 Nf6 7. Nc3 Ng4 8. Qxg4 Nxd4 9. Qd1 Ne6 10. Qd2 0-0 11. Be2 b6 12. 0-0 Bb7 13. f3 d6 14. Rac1 a5 15. Nd5 Nc5 16. b3 e6 17. Nc3 Qe7 18. Na4 Qc7 19. Nxc5 dxc5 20. Rfd1 Rfd8 21. Qe1 a4 22. b4 Be5 23. g3 a3 24. bxc5 bxc5 25. Qf2 Rac8 26. Rxd8+ Rxd8 27. Rd1 Rxd1+ 28. Bxd1 Qd6 29. Qd2 Bd4 30. Kf1 h5 31. Bf4 e5 32. Bg5 Qe6 33. Bb3 f6 34. Be3 Ba6 35. Bxd4 Bxc4+ 36. Ke1 exd4 37. Qa5 Bxb3 38. axb3 Qxb3 39. Qd8+ Kg7 40. Qc7+ Qf7 41. Qxc5 a2 42. Qa3 Kh7 43. Kd2 h4 44. Kd3 hxg3 45. hxg3 Qc7 46. Qxa2 Qc3+ 47. Ke2 Qe3+ 48. Kf1 Qxf3+ 49. Kg1 Qxg3+ 50. Kf1 Qf4+ 51. Kg1 d3 52. Qf7+ Kh6 53. Qf8+ Kg5 54. Qc5+ Kh4 0-1

[Event "EU-chT (Women) 19th"]
[Site "Warsaw"]
[Date "2013.11.17"]
[Round "9.55"]
[White "Cemhan, Kardelen"]
[Black "Saric, Kristina"]
[Result "1-0"]
[WhiteElo "1993"]
[BlackElo "2250"]
[PlyCount "105"]
[EventDate "2013.11.08"]
[EventType "team-swiss"]
[EventRounds "9"]
[EventCountry "POL"]
[SourceTitle "EXT 2014"]
[Source "ChessBase"]
[SourceDate "2013.11.20"]
[SourceVersion "1"]
[SourceVersionDate "2013.11.20"]
[SourceQuality "1"]
[WhiteTeam "Turkey (W)"]
[BlackTeam "Croatia (W)"]
[WhiteTeamCountry "TUR"]
[BlackTeamCountry "CRO"]

1. e4 c5 2. Nf3 Nc6 3. d4 cxd4 4. Nxd4 Qb6 5. Nb3 Nf6 6. Nc3 e6 7. Bd3 d6 8. Be3 Qc7 9. 0-0 a6 10. a4 b6 11. f4 Be7 12. Qf3 Bb7 13. Qh3 Nb4 14. Rae1 h5 15. e5 Ng4 16. Bd4 dxe5 17. Bxe5 Bc5+ 18. Kh1 Qe7 19. Nxc5 Qxc5 20. Ne4 Bxe4 21. Bxe4 Nf2+ 22. Rxf2 Qxf2 23. Qc3 0-0 24. Bxa8 Na2 25. Qg3 Qxg3 26. hxg3 Rxa8 27. c3 Rd8 28. Ra1 f6 29. Bc7 Rc8 30. Bxb6 Nxc3 31. bxc3 Rxc3 32. Kh2 Kf7 33. Rd1 e5 34. fxe5 fxe5 35. Rd7+ Ke6 36. Ra7 e4 37. Rxa6 Kd5 38. Ra8 Ra3 39. a5 Kc4 40. Re8 Kd3 41. Kh3 Ra4 42. Rd8+ Kc3 43. Rd5 g6 44. Rd6 Kc2 45. Rd4 Ra1 46. Kh4 e3 47. Re4 Kd2 48. Bxe3+ Kd3 49. Re5 Ra4+ 50. Bf4 Ra2 51. Kg5 Rxg2 52. a6 Ra2 53. Re6 1-0

[Event "EU-ch (Women) 14th"]
[Site "Belgrade"]
[Date "2013.07.28"]
[Round "6"]
[White "Vega Gutierrez, Belinda Vidina"]
[Black "Cemhan, Kardelen"]
[Result "1-0"]
[WhiteElo "2148"]
[BlackElo "2052"]
[PlyCount "137"]
[EventDate "2013.07.23"]
[EventType "swiss"]
[EventRounds "11"]
[EventCountry "SRB"]
[SourceTitle "CBM 155 Extra"]
[Source "ChessBase"]
[SourceDate "2013.08.26"]
[SourceVersion "1"]
[SourceVersionDate "2013.08.26"]
[SourceQuality "1"]

1. e4 e5 2. d4 Nc6 3. Nf3 exd4 4. Bc4 Nf6 5. e5 Ng4 6. 0-0 d6 7. Bg5 Be7 8. Bxe7 Qxe7 9. exd6 Qxd6 10. Re1+ Be6 11. h3 Nge5 12. Bxe6 fxe6 13. Nxe5 Nxe5 14. Qh5+ Ng6 15. Qb5+ c6 16. Qxb7 0-0 17. Qb3 Nf4 18. Nd2 Rab8 19. Qg3 d3 20. cxd3 Qxd3 21. Qxd3 Nxd3 22. Re3 Nxb2 23. Rxe6 c5 24. Rc6 Nd3 25. Ne4 Rb2 26. Rc7 Re2 27. Rd1 Nxf2 28. Nxf2 Rfxf2 29. Rd8+ Rf8 30. Rdd7 Ra8 31. Rxg7+ Kh8 32. Rxh7+ Kg8 33. Rxa7 Rxa2 34. Rxa8+ Rxa8 35. Rc7 Ra1+ 36. Kf2 Rc1 37. Kf3 c4 38. g4 Rc3+ 39. Kg2 Kh8 40. g5 Rc1 41. h4 c3 42. h5 Ra1 43. Rxc3 Ra5 44. Rg3 Kg7 45. Kh3 Rb5 46. Kh4 Rb4+ 47. Rg4 Rb1 48. Rc4 Rh1+ 49. Kg4 Rg1+ 50. Kf5 Rf1+ 51. Rf4 Ra1 52. Rf3 Ra2 53. h6+ Kh7 54. Kg4 Rg2+ 55. Kh4 Rh2+ 56. Rh3 Ra2 57. Kh5 Ra1 58. g6+ Kg8 59. Rb3 Rh1+ 60. Kg5 Rg1+ 61. Kf5 Rf1+ 62. Ke4 Re1+ 63. Kf3 Re8 64. Kf4 Ra8 65. Rb6 Ra4+ 66. Kg5 Ra5+ 67. Kf6 Ra8 68. Rd6 Rb8 69. Ke7 1-0

[Event "EU-ch (Women) 14th"]
[Site "Belgrade"]
[Date "2013.07.25"]
[Round "3"]
[White "Cemhan, Kardelen"]
[Black "Rakic, Teodora"]
[Result "1-0"]
[WhiteElo "2052"]
[BlackElo "1862"]
[PlyCount "69"]
[EventDate "2013.07.23"]
[EventType "swiss"]
[EventRounds "11"]
[EventCountry "SRB"]
[SourceTitle "CBM 155 Extra"]
[Source "ChessBase"]
[SourceDate "2013.08.26"]
[SourceVersion "1"]
[SourceVersionDate "2013.08.26"]
[SourceQuality "1"]

1. e4 e6 2. d4 d5 3. Nd2 dxe4 4. Nxe4 Nd7 5. Nf3 Be7 6. Bd3 Ngf6 7. Nxf6+ Nxf6 8. Bg5 0-0 9. 0-0 c5 10. dxc5 Qa5 11. c6 bxc6 12. Qe2 Bb7 13. Ne5 Qc7 14. Rad1 Rad8 15. Rfe1 Nd5 16. Qe4 f5 17. Qh4 Bxg5 18. Qxg5 c5 19. c3 Nf6 20. f3 Rd5 21. Qe3 Rfd8 22. Qe2 Bc8 23. g4 g6 24. gxf5 gxf5 25. Kh1 Kh8 26. Qe3 Ne8 27. c4 Rd4 28. Qh6 Qg7 29. Qxg7+ Kxg7 30. Nc6 Rxd3 31. Nxd8 Rxf3 32. Nxe6+ Kf6 33. Nxc5 Ng7 34. Rd6+ Kf7 35. Rc6 1-0

[Event "WchT (Women) 4th"]
[Site "Astana"]
[Date "2013.03.12"]
[Round "9.3"]
[White "Alexieva, Silvia"]
[Black "Cemhan, Kardelen"]
[Result "1-0"]
[WhiteElo "2282"]
[BlackElo "2025"]
[PlyCount "113"]
[EventDate "2013.03.03"]
[EventType "team-tourn"]
[EventRounds "9"]
[EventCountry "KAZ"]
[SourceTitle "CBM 153 Extra"]
[Source "ChessBase"]
[SourceDate "2013.04.22"]
[SourceVersion "1"]
[SourceVersionDate "2013.04.22"]
[SourceQuality "1"]
[WhiteTeam "France (W)"]
[BlackTeam "Turkey (W)"]
[WhiteTeamCountry "FRA"]
[BlackTeamCountry "TUR"]

1. d4 d5 2. Nf3 Nf6 3. c4 dxc4 4. e3 e6 5. Bxc4 a6 6. Bb3 c5 7. 0-0 Nc6 8. Nc3 Be7 9. dxc5 Qxd1 10. Rxd1 Bxc5 11. Bd2 0-0 12. Rac1 Be7 13. Na4 e5 14. Nb6 Rb8 15. Nxc8 Rbxc8 16. Bc3 e4 17. Ne5 Nxe5 18. Bxe5 Rfd8 19. h3 h6 20. Kf1 Kf8 21. Ke2 b5 22. a3 a5 23. Ba2 b4 24. a4 Rxc1 25. Rxc1 Nd5 26. Bb3 Nb6 27. Rc6 Nd7 28. Bd4 Nb8 29. Rc7 Rd7 30. Rc2 Na6 31. Bb6 Bd8 32. Rc8 Ke7 33. Bxd8+ Rxd8 34. Rxd8 Kxd8 35. Bxf7 Nc5 36. b3 Ke7 37. Bc4 Kd6 38. f3 Ke5 39. f4+ Kf6 40. Kf2 Kf5 41. Kg3 g5 42. fxg5 hxg5 43. h4 gxh4+ 44. Kxh4 Nd3 45. Kh5 Nf2 46. g4+ Kf6 47. g5+ Kg7 48. Bd5 Nd1 49. Bxe4 Nxe3 50. g6 Nf1 51. Kg5 Nd2 52. Bd5 Nf1 53. Bf7 Ng3 54. Kf4 Nh5+ 55. Ke5 Ng3 56. Kd4 Kf6 57. Kc5 1-0

[Event "WchT (Women) 4th"]
[Site "Astana"]
[Date "2013.03.09"]
[Round "6.3"]
[White "Saduakassova, Dinara"]
[Black "Cemhan, Kardelen"]
[Result "1-0"]
[WhiteElo "2353"]
[BlackElo "2025"]
[PlyCount "65"]
[EventDate "2013.03.03"]
[EventType "team-tourn"]
[EventRounds "9"]
[EventCountry "KAZ"]
[SourceTitle "CBM 153 Extra"]
[Source "ChessBase"]
[SourceDate "2013.04.22"]
[SourceVersion "1"]
[SourceVersionDate "2013.04.22"]
[SourceQuality "1"]
[WhiteTeam "Kazakhstan (W)"]
[BlackTeam "Turkey (W)"]
[WhiteTeamCountry "KAZ"]
[BlackTeamCountry "TUR"]

1. d4 d5 2. c4 dxc4 3. Nf3 Nf6 4. e3 e6 5. Bxc4 a6 6. 0-0 Nbd7 7. a4 b6 8. Nc3 Bb7 9. Qe2 c5 10. Ne5 Bd6 11. Nxd7 Qxd7 12. dxc5 Bxc5 13. e4 0-0 14. Kh1 Qc6 15. f3 h6 16. e5 Nd7 17. Ba2 Rfd8 18. Bf4 Nf8 19. Bb1 Rac8 20. Ne4 Be7 21. Bd3 Ng6 22. Bg3 Rd5 23. Nd6 Bxd6 24. exd6 Rg5 25. Rfd1 Nf8 26. b4 b5 27. axb5 axb5 28. Be4 Qd7 29. Ra7 Rb8 30. Qd2 Rd5 31. Bxd5 exd5 32. Rc1 Qf5 33. d7 1-0

[Event "WchT (Women) 4th"]
[Site "Astana"]
[Date "2013.03.07"]
[Round "5.3"]
[White "Cemhan, Kardelen"]
[Black "L'Ami, Alina"]
[Result "0-1"]
[WhiteElo "2025"]
[BlackElo "2353"]
[PlyCount "86"]
[EventDate "2013.03.03"]
[EventType "team-tourn"]
[EventRounds "9"]
[EventCountry "KAZ"]
[SourceTitle "CBM 153 Extra"]
[Source "ChessBase"]
[SourceDate "2013.04.22"]
[SourceVersion "1"]
[SourceVersionDate "2013.04.22"]
[SourceQuality "1"]
[WhiteTeam "Turkey (W)"]
[BlackTeam "Romania (W)"]
[WhiteTeamCountry "TUR"]
[BlackTeamCountry "ROU"]

1. e4 c5 2. Nf3 d6 3. Bb5+ Bd7 4. Bxd7+ Qxd7 5. c4 Nf6 6. Nc3 g6 7. d4 cxd4 8. Nxd4 Bg7 9. 0-0 0-0 10. f3 Nc6 11. Nde2 a6 12. a4 e6 13. Bg5 Qc7 14. Kh1 Qa5 15. Qd2 Qb4 16. Rac1 Ne5 17. Nd5 Qxd2 18. Nxf6+ Bxf6 19. Bxd2 Nd3 20. Rc2 Nxb2 21. Rb1 Nxa4 22. Rxb7 Rfc8 23. Nf4 Rab8 24. Rxb8 Rxb8 25. g3 Rb2 26. Rxb2 Nxb2 27. Bb4 Nxc4 28. Nd3 a5 29. Be1 Bd4 30. f4 a4 31. Nb4 Bc5 32. Na2 d5 33. exd5 exd5 34. Kg2 d4 35. Kf3 d3 36. Bc3 f5 37. Nb4 Bxb4 38. Bxb4 a3 39. Bxa3 Nxa3 40. Ke3 Kf7 41. Kxd3 Ke6 42. h3 Kd5 43. g4 Nc4 0-1

[Event "ALG-TUR (Women)"]
[Site "Algiers"]
[Date "2012.12.30"]
[Round "7.3"]
[White "Cemhan, Kardelen"]
[Black "Hamlaoui, Asma"]
[Result "1-0"]
[WhiteElo "2031"]
[BlackElo "1601"]
[PlyCount "47"]
[EventDate "2012.12.23"]
[EventType "team-schev"]
[EventRounds "8"]
[EventCountry "ALG"]
[SourceTitle "CBM 152 Extra"]
[Source "ChessBase"]
[SourceDate "2013.02.25"]
[SourceVersion "1"]
[SourceVersionDate "2013.02.25"]
[SourceQuality "1"]
[WhiteTeam "Turkey"]
[BlackTeam "Algeria"]
[WhiteTeamCountry "TUR"]
[BlackTeamCountry "ALG"]

1. e4 e6 2. d4 d5 3. Nd2 Nf6 4. e5 Nfd7 5. Bd3 c5 6. c3 Nc6 7. Ne2 cxd4 8. cxd4 Qb6 9. Nf3 Bb4+ 10. Kf1 f6 11. Nf4 Nd8 12. h4 fxe5 13. dxe5 Nf7 14. Qe2 Nc5 15. Be3 Qa5 16. Bb5+ Bd7 17. Bxd7+ Kxd7 18. Rc1 Ne4 19. a3 Be7 20. Nxe6 Kxe6 21. Nd4+ Kxe5 22. Qh5+ Nfg5 23. hxg5 g6 24. Qh2+ 1-0

[Event "ALG-TUR (Women)"]
[Site "Algiers"]
[Date "2012.12.26"]
[Round "4.2"]
[White "Cemhan, Kardelen"]
[Black "Latreche, Khadidja"]
[Result "1/2-1/2"]
[WhiteElo "2031"]
[BlackElo "1895"]
[PlyCount "70"]
[EventDate "2012.12.23"]
[EventType "team-schev"]
[EventRounds "8"]
[EventCountry "ALG"]
[SourceTitle "CBM 152 Extra"]
[Source "ChessBase"]
[SourceDate "2013.02.25"]
[SourceVersion "1"]
[SourceVersionDate "2013.02.25"]
[SourceQuality "1"]
[WhiteTeam "Turkey"]
[BlackTeam "Algeria"]
[WhiteTeamCountry "TUR"]
[BlackTeamCountry "ALG"]

1. e4 c5 2. Nf3 g6 3. d4 cxd4 4. Nxd4 Bg7 5. c4 Nc6 6. Be3 Nf6 7. Nc3 0-0 8. Be2 d6 9. 0-0 Nxd4 10. Bxd4 Bd7 11. Qd2 Bc6 12. f3 Nd7 13. Be3 Nc5 14. Rab1 a5 15. b3 Qc7 16. Rfc1 f5 17. exf5 Rxf5 18. Rc2 Be5 19. a3 Raf8 20. Nd5 Qd8 21. b4 axb4 22. axb4 e6 23. bxc5 exd5 24. cxd5 Bxh2+ 25. Kxh2 Qh4+ 26. Kg1 Rh5 27. Kf1 Bxd5 28. cxd6 Qg3 29. Bg1 Rg5 30. Qxd5+ Rxd5 31. Bc4 Rxf3+ 32. gxf3 Qxf3+ 33. Bf2 Qh1+ 34. Ke2 Qe4+ 35. Kf1 Qh1+ 1/2-1/2

[Event "Wch U16 Girls"]
[Site "Maribor"]
[Date "2012.11.15"]
[Round "8.13"]
[White "Cemhan, Kardelen"]
[Black "Gu, Tianlu"]
[Result "1-0"]
[WhiteElo "2037"]
[BlackElo "1889"]
[PlyCount "107"]
[EventDate "2012.11.08"]
[EventType "swiss"]
[EventRounds "11"]
[EventCountry "SLO"]
[SourceTitle "EXT 2013"]
[Source "ChessBase"]
[SourceDate "2012.11.22"]
[SourceVersion "1"]
[SourceVersionDate "2012.11.22"]
[SourceQuality "1"]

1. e4 c5 2. Nf3 e6 3. d4 cxd4 4. Nxd4 Nc6 5. Nb5 d6 6. c4 Nf6 7. N1c3 a6 8. Na3 Be7 9. Be2 0-0 10. 0-0 b6 11. Be3 Bb7 12. Rc1 Rc8 13. f3 Ne5 14. Qd4 Nfd7 15. Rfd1 Qc7 16. Kh1 Rfd8 17. f4 Ng6 18. Qd2 Qb8 19. Bd3 Nc5 20. Qf2 Qa8 21. Bb1 a5 22. Nab5 Qb8 23. b3 Nh4 24. Kg1 Ba8 25. Bc2 Ng6 26. a3 Nd7 27. Kh1 Bc6 28. Rd2 Bh4 29. Qf1 Bf6 30. Rcd1 Nc5 31. b4 axb4 32. axb4 Na6 33. Rb1 Nc7 34. Qg1 Nxb5 35. Nxb5 Rd7 36. Qd1 Rcd8 37. Nd4 Bxd4 38. Rxd4 Nxf4 39. Bxf4 e5 40. Rd2 exf4 41. Qg4 Re8 42. b5 f5 43. exf5 Rde7 44. h3 Bd7 45. Qxf4 Re5 46. Rf1 Rf8 47. Qd4 Rf6 48. Rdf2 Qb7 49. Rf4 Qc7 50. Be4 h6 51. g4 Rf8 52. Bd5+ Kh8 53. f6 gxf6 54. Rxf6 1-0

[Event "Wch U16 Girls"]
[Site "Maribor"]
[Date "2012.11.08"]
[Round "1.25"]
[White "Head, Louise"]
[Black "Cemhan, Kardelen"]
[Result "0-1"]
[WhiteElo "1754"]
[BlackElo "2037"]
[PlyCount "78"]
[EventDate "2012.11.08"]
[EventType "swiss"]
[EventRounds "11"]
[EventCountry "SLO"]
[SourceTitle "EXT 2013"]
[Source "ChessBase"]
[SourceDate "2012.11.22"]
[SourceVersion "1"]
[SourceVersionDate "2012.11.22"]
[SourceQuality "1"]

1. d4 d5 2. Nf3 Nf6 3. c4 dxc4 4. Nc3 a6 5. a4 e6 6. e3 c5 7. Bxc4 Be7 8. 0-0 0-0 9. Qe2 Nc6 10. Rd1 Qc7 11. d5 exd5 12. Nxd5 Nxd5 13. Bxd5 Bg4 14. h3 Bh5 15. Bd2 Rfd8 16. Bc3 Rac8 17. Rac1 Qb8 18. b3 h6 19. Qb2 Bf8 20. g4 Bg6 21. Ne5 Nxe5 22. Bxe5 Qa8 23. f4 Rxd5 24. Rxd5 Be4 25. Rd2 b5 26. Bd6 Bxd6 27. Rxd6 bxa4 28. bxa4 c4 29. Rd4 Rb8 30. Qd2 Bd3 31. Kf2 Qb7 32. Rxd3 cxd3 33. Qxd3 a5 34. Qc3 Qd5 35. Qc4 Rb2+ 36. Kg3 Qg2+ 37. Kh4 Qf2+ 38. Kh5 g6+ 39. Kxh6 Qh4# 0-1

[Event "Olympiad Women-40"]
[Site "Istanbul"]
[Date "2012.09.09"]
[Round "11.4"]
[White "Cemhan, Kardelen"]
[Black "Mrvova, Alena"]
[Result "0-1"]
[WhiteElo "1938"]
[BlackElo "2241"]
[PlyCount "72"]
[EventDate "2012.08.28"]
[EventType "team-swiss"]
[EventRounds "11"]
[EventCountry "TUR"]
[SourceTitle "CBM 150 Extra"]
[Source "ChessBase"]
[SourceDate "2012.10.19"]
[SourceVersion "1"]
[SourceVersionDate "2012.10.19"]
[SourceQuality "1"]
[WhiteTeam "Turkey (W)"]
[BlackTeam "Slovakia (W)"]
[WhiteTeamCountry "TUR"]
[BlackTeamCountry "SVK"]

1. e4 c5 2. Nf3 d6 3. d4 cxd4 4. Nxd4 Nf6 5. Nc3 a6 6. Bg5 e6 7. Qd2 Be7 8. 0-0-0 h6 9. Be3 Qc7 10. f3 Nc6 11. Kb1 Bd7 12. g4 Nxd4 13. Bxd4 Bc6 14. Bxf6 gxf6 15. Bd3 0-0-0 16. Rhe1 Kb8 17. f4 h5 18. h3 hxg4 19. hxg4 d5 20. exd5 exd5 21. a3 Bd6 22. f5 Bf4 23. Qe2 Be5 24. Qd2 Qb6 25. Ka1 Rh4 26. g5 Bf4 27. Qe2 fxg5 28. Qe7 Qc7 29. f6 Bd6 30. Qxc7+ Kxc7 31. Rg1 Rg8 32. Rde1 Rh6 33. Rgf1 g4 34. Rf5 g3 35. Ne2 g2 36. Ng1 Rh1 0-1

[Event "Olympiad Women-40"]
[Site "Istanbul"]
[Date "2012.09.04"]
[Round "7.3"]
[White "Heinatz, Gundula"]
[Black "Cemhan, Kardelen"]
[Result "1-0"]
[WhiteElo "2197"]
[BlackElo "1938"]
[PlyCount "117"]
[EventDate "2012.08.28"]
[EventType "team-swiss"]
[EventRounds "11"]
[EventCountry "TUR"]
[SourceTitle "CBM 150 Extra"]
[Source "ChessBase"]
[SourceDate "2012.10.19"]
[SourceVersion "1"]
[SourceVersionDate "2012.10.19"]
[SourceQuality "1"]
[WhiteTeam "Switzerland (W)"]
[BlackTeam "Turkey (W)"]
[WhiteTeamCountry "SUI"]
[BlackTeamCountry "TUR"]

1. Nf3 d5 2. d4 c5 3. c3 e6 4. Bg5 Be7 5. Bxe7 Qxe7 6. e3 Nf6 7. Bd3 0-0 8. 0-0 Nc6 9. Ne5 Nxe5 10. dxe5 Nd7 11. f4 f6 12. Qh5 g6 13. Qh4 Qg7 14. exf6 Qxf6 15. Qxf6 Rxf6 16. Nd2 e5 17. Bb5 exf4 18. exf4 a6 19. Bd3 Nb6 20. b3 Bf5 21. Bxf5 Rxf5 22. Rae1 Raf8 23. g3 Nc8 24. Nf3 Nd6 25. Re7 R8f7 26. Rfe1 Rxe7 27. Rxe7 Rf7 28. Re6 Ne4 29. c4 Nc3 30. cxd5 Nxd5 31. Ne5 Rc7 32. h4 Kg7 33. Rd6 Nc3 34. a4 Ne4 35. Rd3 b5 36. axb5 axb5 37. Kg2 b4 38. g4 Nc3 39. Kf3 Nb5 40. Ke4 Nc3+ 41. Kf3 Nb5 42. Ke4 Nc3+ 43. Ke3 Re7 44. Rd6 Nb5 45. Rc6 Nd4 46. Rxc5 Nxb3 47. Rb5 Na1 48. Kd3 b3 49. Rb6 Ra7 50. g5 Nc2 51. Rxb3 Ne1+ 52. Kd2 Ng2 53. h5 Ra2+ 54. Kc3 gxh5 55. f5 Ra8 56. Rb7+ Kg8 57. f6 Rd8 58. Rg7+ Kf8 59. Rxh7 1-0

[Event "Olympiad Women-40"]
[Site "Istanbul"]
[Date "2012.09.03"]
[Round "6.4"]
[White "Cemhan, Kardelen"]
[Black "Newrkla, Katharina"]
[Result "1-0"]
[WhiteElo "1938"]
[BlackElo "2165"]
[PlyCount "59"]
[EventDate "2012.08.28"]
[EventType "team-swiss"]
[EventRounds "11"]
[EventCountry "TUR"]
[SourceTitle "CBM 150 Extra"]
[Source "ChessBase"]
[SourceDate "2012.10.19"]
[SourceVersion "1"]
[SourceVersionDate "2012.10.19"]
[SourceQuality "1"]
[WhiteTeam "Turkey (W)"]
[BlackTeam "Austria (W)"]
[WhiteTeamCountry "TUR"]
[BlackTeamCountry "AUT"]

1. e4 c5 2. Nf3 d6 3. d4 cxd4 4. Nxd4 Nf6 5. Nc3 a6 6. g3 e5 7. Nde2 Nbd7 8. Bg2 b5 9. a4 b4 10. Nd5 Nxd5 11. exd5 Be7 12. 0-0 0-0 13. c3 Rb8 14. cxb4 Rxb4 15. Qc2 Qb6 16. Nc3 Nc5 17. a5 Qb7 18. Na4 Nb3 19. Ra2 Nd4 20. Qd1 Bf5 21. Nb6 Bd8 22. Bd2 Rb3 23. Bc3 Bxb6 24. axb6 Qxb6 25. Qd2 Rc8 26. h3 Rc4 27. Rfa1 Bc8 28. Kh2 Bb7 29. f4 g6 30. Rf1 1-0

[Event "EU-ch U16 Girls"]
[Site "Prague"]
[Date "2012.08.20"]
[Round "4"]
[White "Uzlavataya, Anhelina"]
[Black "Cemhan, Kardelen"]
[Result "1-0"]
[WhiteElo "1862"]
[BlackElo "1938"]
[PlyCount "37"]
[EventDate "2012.08.17"]
[EventType "swiss"]
[EventRounds "9"]
[EventCountry "CZE"]
[SourceTitle "CBM 150 Extra"]
[Source "ChessBase"]
[SourceDate "2012.10.19"]
[SourceVersion "1"]
[SourceVersionDate "2012.10.19"]
[SourceQuality "1"]

1. Nf3 d5 2. g3 Nf6 3. Bg2 e6 4. d4 Be7 5. 0-0 0-0 6. c4 dxc4 7. Qc2 a6 8. Qxc4 b5 9. Qc2 Bb7 10. Bf4 Nd5 11. Nc3 Nxf4 12. gxf4 g6 13. Rfd1 Nd7 14. Ne4 Bxe4 15. Qxe4 c5 16. Ne5 Rc8 17. dxc5 f5 18. Qb1 Bxc5 19. Nxd7 1-0

[Event "Wch U20 Girls 30th"]
[Site "Athens"]
[Date "2012.08.15"]
[Round "13"]
[White "Cemhan, Kardelen"]
[Black "Sargsyan, Shushanna"]
[Result "1-0"]
[WhiteElo "1938"]
[BlackElo "2047"]
[PlyCount "101"]
[EventDate "2012.08.02"]
[EventType "swiss"]
[EventRounds "13"]
[EventCountry "GRE"]
[SourceTitle "CBM 149 Extra"]
[Source "ChessBase"]
[SourceDate "2012.08.24"]
[SourceVersion "1"]
[SourceVersionDate "2012.08.24"]
[SourceQuality "1"]

1. e4 c6 2. d4 d5 3. exd5 cxd5 4. Bd3 Nc6 5. c3 Nf6 6. Bf4 e6 7. Nf3 Bd6 8. Bxd6 Qxd6 9. 0-0 0-0 10. Nbd2 Bd7 11. Re1 Rfc8 12. Ne5 Be8 13. f4 Nd7 14. Qh5 Nf8 15. Qg4 Ne7 16. Re3 f6 17. Rg3 Neg6 18. Nxg6 Bxg6 19. Re1 Re8 20. Bxg6 Nxg6 21. Rf1 f5 22. Qg5 a5 23. h4 Qe7 24. Qxe7 Nxe7 25. h5 Nc8 26. h6 g6 27. a4 Nd6 28. Re3 Ra6 29. Re2 Nf7 30. Nb3 Nxh6 31. Nc5 Rb6 32. Nd7 Rc6 33. Nf6+ Kf7 34. Nxe8 Kxe8 35. Rfe1 Kd7 36. b4 axb4 37. cxb4 Ng4 38. b5 Rc4 39. Rxe6 Rxd4 40. Re7+ Kd6 41. Rxb7 Rxa4 42. Rxh7 Rb4 43. Rb7 Rxf4 44. Rb1 Ne5 45. b6 Rc4 46. Rg7 Rc8 47. b7 Rb8 48. Rc1 d4 49. Rc8 Nc6 50. Rxg6+ Ke5 51. Rcxc6 1-0

[Event "Wch U20 Girls 30th"]
[Site "Athens"]
[Date "2012.08.14"]
[Round "12"]
[White "De Seroux, Camille"]
[Black "Cemhan, Kardelen"]
[Result "1-0"]
[WhiteElo "2101"]
[BlackElo "1938"]
[PlyCount "61"]
[EventDate "2012.08.02"]
[EventType "swiss"]
[EventRounds "13"]
[EventCountry "GRE"]
[SourceTitle "CBM 149 Extra"]
[Source "ChessBase"]
[SourceDate "2012.08.24"]
[SourceVersion "1"]
[SourceVersionDate "2012.08.24"]
[SourceQuality "1"]

1. e4 c5 2. Nf3 e6 3. d4 cxd4 4. Nxd4 Nc6 5. Nc3 Qc7 6. f4 a6 7. Nxc6 Qxc6 8. Bd3 d6 9. a4 Qc7 10. 0-0 Nf6 11. Kh1 Be7 12. Qf3 0-0 13. Bd2 Bd7 14. Rae1 Bc6 15. Qh3 g6 16. f5 e5 17. Bh6 Rfd8 18. Bg5 Nh5 19. f6 Bf8 20. g4 Nf4 21. Rxf4 exf4 22. Bh6 Kh8 23. Rf1 Be7 24. Qh4 d5 25. fxe7 Rd6 26. exd5 Re6 27. Be4 Qe5 28. Bxf4 Qd4 29. dxc6 Rxe4 30. Nxe4 Qxe4+ 31. Kg1 1-0

[Event "Wch U20 Girls 30th"]
[Site "Athens"]
[Date "2012.08.10"]
[Round "8"]
[White "Aulia, Medina Warda"]
[Black "Cemhan, Kardelen"]
[Result "1-0"]
[WhiteElo "2218"]
[BlackElo "1938"]
[PlyCount "101"]
[EventDate "2012.08.02"]
[EventType "swiss"]
[EventRounds "13"]
[EventCountry "GRE"]
[SourceTitle "CBM 149 Extra"]
[Source "ChessBase"]
[SourceDate "2012.08.24"]
[SourceVersion "1"]
[SourceVersionDate "2012.08.24"]
[SourceQuality "1"]

1. e4 c5 2. Nf3 e6 3. d4 cxd4 4. Nxd4 Nc6 5. Nc3 Qc7 6. Be2 d6 7. 0-0 Nf6 8. Be3 Be7 9. f4 a6 10. a4 0-0 11. Kh1 Re8 12. Qd2 Bd7 13. Nb3 Na5 14. Nxa5 Qxa5 15. Bd4 e5 16. Be3 Bc6 17. Bc4 Qc7 18. Bb3 Bf8 19. fxe5 dxe5 20. Bg5 Rad8 21. Qf2 Be7 22. Bxf6 Bxf6 23. Nd5 Bxd5 24. Bxd5 Re7 25. c4 Rc8 26. b4 a5 27. Rfb1 b6 28. bxa5 bxa5 29. Rb5 Qa7 30. Qd2 Rc5 31. Qxa5 Rc8 32. Qxa7 Rxa7 33. a5 Be7 34. a6 Bc5 35. Bb7 Rc7 36. Rd1 g6 37. Rd5 Bd4 38. c5 Kg7 39. g3 f5 40. c6 Rxa6 41. Bxa6 Rxc6 42. Bb7 Rc1+ 43. Kg2 Rc2+ 44. Kf1 Rf2+ 45. Ke1 Rxh2 46. exf5 gxf5 47. Rd6 Bf2+ 48. Kd1 Bxg3 49. Bc6 Bh4 50. Rb7+ Kg8 51. Re6 1-0